00421nam a2200145 450000500170000000800410001702000220005804100120008008200220009210000270011424500580014126000350019930000200023436500210025420260116151548.0260109b |||||||| |||| 00| 0 eng d a978-0-141-03459-1 aEnglish aX 158 TALbB12159 aTaleb, Nassim Nicholas aThe Black Swanb: The Impact of the Highly Improbable aNew DelhibPenguin Booksc2010 axxxiii,444pbpb aRupayeb484cINR